000
00328nam a22001457a 4500
020
_a
0-330-35313-6
082
_a
823
_b
AND/J
100
_a
ANDREWS, KATE
245
_a
JUST DO IT, MEL
260
_a
LONDON
_b
MAC MILLAN CHILDRENS BOOKS
_c
1998
300
_a
133
520
_a
ENGLISH NOVEL
650
_a
ENGLISH NOVEL
942
_c
BK
999
_c
5654
_d
5654